header

Challenging women (Record no. 159686)

MARC details
000 -LEADER
fixed length control field 01355nam a2200361Ia 4500
100 1# - MAIN ENTRY--AUTHOR NAME
Personal name Maddock, Su.
245 10 - TITLE STATEMENT
Title Challenging women
260 ## - PUBLICATION, DISTRIBUTION, ETC. (IMPRINT)
Place of publication London ;
-- Thousand Oaks, CA :
Name of publisher Sage,
Year of publication 1999.
300 ## - PHYSICAL DESCRIPTION
Number of Pages 258 p.
650 #0 - SUBJECT ADDED ENTRY--TOPICAL TERM
Topical Term Women
Topical Term Women in the civil service.
Topical Term Women public officers.
Topical Term Women executives.
Topical Term Organizational change.
Topical Term Sex role in the work environment.
856 40 - ELECTRONIC LOCATION AND ACCESS
Uniform Resource Identifier http://site.ebrary.com/lib/rucke/Doc?id=10326913

No items available.

© 2026 Rongo University
Contact us: librarian | system librarian | Rongo university